1759 1116 1118 1019 1128 1831 1540 1167 1799 1011 1892 1251 1575 1192 1883 1357 1311 1589 1033 1973 1828 1522 1775 1848 1217 1162 1589 1995 1016 1695 1884 1541 1526 1624 1739 1720 1399 1935 1932 1749 1642 1257 1325 1394 1439 1239 1141 1517 1911 1225 1736 1215 1187 1309 1932 1267 1969 1804 1776 1635 1286 1537 1655 1094 1194 1213 1264 1065 1578 1571 1433 1083 1362 1696 1084 1353 1204 1799 1944 1424 1212 1067 1064 1929 1508 1152 1336 1342 1122 1837 1367 1577 1080 1430 1268 1161 1491 1957 1362 BCNSPRNW ULIB Ver.6.0+V

เปลี่ยนเป็นภาษาไทย

Change to English
 แสดงรายละเอียดบรรณานุกรม
  กลับหน้าหลัก

Brief Record : Get Marc (ISO 2709) : E-mail record : QR code < ปิดหน้าต่าง
LEADER : 00000nam 2200000uu 4500
001    13399127456
003     ULIB
008    200527s2562||||th 000 0 tha d
020 ^- ^a9786164683822
050 ^- ^aLB1028^bอ645ก
100 0^ aอิทธิพัทธ์ สุวทันพรกูล.
245 10 ^aการวิจัยทางการศึกษา :แนวคิดและการประยุกต์ใช้ = Education research : concepts and applications /^cอิทธิพัทธ์ สุวทันพรกูล.
246 11 ^aEducation research : concepts and applications
250    ^aพิมพ์ครั้งที่ 2
260 ^- ^aกรุงเทพฯ :^bโรงพิมพ์แห่งจุฬาลงกรณ์มหาวิทยาลัย,^c2562
300 ^- ^a438 หน้า :^bภาพประกอบ.
650 ^4 ^aการศึกษา^xวิจัย.
945    ^p350^l0^i28353
945    ^p350^l0^i28354
945    ^p350^l0^i28355
945    ^p350^l0^i28356
945    ^p350^l0^i28357
999    ^aกัณชพร จุลอักษร
รายการนี้ยังไม่มีแท็ก
คุณยังไม่ได้ล็อกอิน คุณสามารถมีกิจกรรมร่วมกับเว็บไซต์ได้ แต่ต้องล็อกอินก่อน ::
  ล็อกอิน

รายการสื่อสารสนเทศ

ลำดับที่ ประเภท เลขเรียก/บาร์โค้ด สถานที่ สถานะ
1. หนังสือสำรอง
หนังสือสำรอง
LB1028 อ645ก ฉ.1 
  Barcode: 28353
ห้องสมุดวิทยาเขตนครสวรรค์
►หนังสือทั่วไป:l:General Books
บนชั้น
2. วิทยาศาสตร์การแพทย์ และสุขภาพ
วิทยาศาสตร์การแพทย์ และสุขภาพ
LB1028 อ645ก ฉ.2 
  Barcode: 28354
ห้องสมุดวิทยาเขตนครสวรรค์
►หนังสือทั่วไป:l:General Books
บนชั้น
3. วิทยาศาสตร์การแพทย์ และสุขภาพ
วิทยาศาสตร์การแพทย์ และสุขภาพ
LB1028 อ645ก ฉ.3 
  Barcode: 28355
ห้องสมุดวิทยาเขตนครสวรรค์
►หนังสือทั่วไป:l:General Books
บนชั้น
4. วิทยาศาสตร์การแพทย์ และสุขภาพ
วิทยาศาสตร์การแพทย์ และสุขภาพ
LB1028 อ645ก ฉ.4 
  Barcode: 28356
ห้องสมุดวิทยาเขตนครสวรรค์
►หนังสือทั่วไป:l:General Books
บนชั้น
5. วิทยาศาสตร์การแพทย์ และสุขภาพ
วิทยาศาสตร์การแพทย์ และสุขภาพ
LB1028 อ645ก ฉ.5 
  Barcode: 28357
ห้องสมุดวิทยาเขตนครสวรรค์
►หนังสือทั่วไป:l:General Books
บนชั้น

BibComment


ยังไม่เคยถูกคอมเมนท์

คอมเมนท์ทรัพยากรรายการนี้
  คอมเมนท์: การวิจัยทางการศึ..


 Copyright 2026. Bcnsprnw @Library